Elephants & other land giants : (Record no. 460)

MARC details
000 -LEADER
fixed length control field 00817cam a2200265 i 4500
005 - DATE AND TIME OF LATEST TRANSACTION
control field 20260322212020.0
008 - FIXED-LENGTH DATA ELEMENTS--GENERAL INFORMATION
fixed length control field data
010 ## - LIBRARY OF CONGRESS CONTROL NUMBER
LC control number 76001868
020 ## - INTERNATIONAL STANDARD BOOK NUMBER
International Standard Book Number 0913948055 :
Terms of availability {dollar}5.95
020 ## - INTERNATIONAL STANDARD BOOK NUMBER
International Standard Book Number 9780913948057 :
Terms of availability {dollar}5.95
040 ## - CATALOGING SOURCE
Original cataloging agency DLC
Transcribing agency DLC
Modifying agency DLC
050 00 - LIBRARY OF CONGRESS CALL NUMBER
Classification number QL50
Item number .T585 1976
082 00 - DEWEY DECIMAL CLASSIFICATION NUMBER
Classification number 596
092 ## - LOCALLY ASSIGNED DEWEY CALL NUMBER (OCLC)
Classification number 596 T585 1976
001 - CONTROL NUMBER
control field data
110 2# - MAIN ENTRY--CORPORATE NAME
Corporate name or jurisdiction name as entry element Time-Life Television.
245 10 - TITLE STATEMENT
Title Elephants & other land giants :
Remainder of title based on the television series Wild, wild world of animals.
Statement of responsibility, etc. Time-Life Television.
260 ## - PUBLICATION, DISTRIBUTION, ETC.
Place of publication, distribution, etc. [New York] :
Name of publisher, distributor, etc. Time-Life Films,
Date of publication, distribution, etc. c1976.
300 ## - PHYSICAL DESCRIPTION
Extent 128 p. :
Other physical details ill. ;
Dimensions 28 cm.
440 #0 - SERIES STATEMENT/ADDED ENTRY--TITLE
Title Wild, wild world of animals
500 ## - GENERAL NOTE
General note Consultants, W. G. Conway and others.
500 ## - GENERAL NOTE
General note Includes index.
504 ## - BIBLIOGRAPHY, ETC. NOTE
Bibliography, etc. note Bibliography: p. 126.
650 #0 - SUBJECT ADDED ENTRY--TOPICAL TERM
Topical term or geographic name entry element Zoology
General subdivision Miscellanea.
Holdings
Withdrawn status Lost status Damaged status Not for loan Home library Current library Shelving location Date acquired Total checkouts Full call number Barcode Date last seen Price effective from Koha item type
        Centerville Centerville General stacks 22/03/2026   596 BC0010471 22/03/2026 22/03/2026 Books